Normal view
MARC view
- الجريمة والمجرمون
Entry Topical Term
001 - CONTROL NUMBER
- control field: 37907
003 - CONTROL NUMBER IDENTIFIER
- control field: JO-AjAnu
005 - DATE AND TIME OF LATEST TRANSACTION
- control field: 20230606080322.0
008 - FIXED-LENGTH DATA ELEMENTS
- fixed length control field: 230606|| aca||aabn | a|a d
040 ## - CATALOGING SOURCE
- Original cataloging agency: JO-AjAnu
- Transcribing agency: JO-AjAnu
150 ## - HEADING--TOPICAL TERM
- Topical term or geographic name entry element: الجريمة والمجرمون
670 ## - SOURCE DATA FOUND
- Source citation: Work cat.: (JO-AjAnu)19449: تأليف الساعاتي، سامية حسن, author 37906, الجريمة والمجتمع : بحوث في علم الاجتماع الجنائي